|
|
|
|
| LEADER |
00000cam a2200000 7i4500 |
| 001 |
0000031139 |
| 005 |
20151027.0 |
| 008 |
110623 |
| 020 |
|
|
|a 9789673690732
|
| 090 |
0 |
0 |
|a 658.40019
|b WIN
|
| 100 |
1 |
|
|a Windura, Tonny
|
| 245 |
1 |
0 |
|a Kuasai bisnes dengan peta minda
|c Tonny Windura ; penterjemah: Muhammad Firdaus bin Ariff
|
| 260 |
|
|
|a Selangor :
|b PTS ,
|c 2011
|
| 650 |
|
0 |
|a Brain
|
| 650 |
|
0 |
|a Success in business
|
| 650 |
|
0 |
|a Thought and thinking
|
| 700 |
0 |
|
|a Muhammad Firdaus bin Ariff
|
| 999 |
|
|
|a 0001104576
|b Book
|c Adult Collection
|e Perbadanan Perpustakaan Awam Johor
|
| 999 |
|
|
|a 0001225465
|b Book
|c Adult Collection
|e Cawangan Bukit Gambir
|
| 999 |
|
|
|a 0001225466
|b Book
|c Adult Collection
|e Cawangan Segamat
|
| 999 |
|
|
|a 0001225467
|b Book
|c Adult Collection
|e Cawangan Tmn. Ungku Tun Aminah
|
| 999 |
|
|
|a 0001225468
|b Book
|c Adult Collection
|e Cawangan Bandar Penawar
|
| 999 |
|
|
|a 0001225471
|b Book
|c Adult Collection
|e Cawangan Muar
|
| 999 |
|
|
|a 0001225473
|b Book
|c Adult Collection
|e Cawangan Bandar Tenggara
|
| 999 |
|
|
|a 0001225475
|b Book
|c Adult Collection
|e Cawangan Mersing
|
| 999 |
|
|
|a 0001225476
|b Book
|c Adult Collection
|e Cawangan Tangkak
|